| 000 | 00833nam a2200277 a 4500 | ||
|---|---|---|---|
| 008 | |||
| 020 | _a003061239X (hbk.) | ||
| 049 | _aMAIN | ||
| 090 |
_aHD31 _bBED |
||
| 100 | 1 | _aBedeian, Arthur G. | |
| 245 | 1 | 0 |
_aManagement / _cArthur G. Bedeian, William F. Glueck. |
| 250 | _a3rd ed. | ||
| 260 |
_aChicago : _bDryden Press, _cc1983. |
||
| 300 |
_a664 p. : _bill. ; _c24 cm. |
||
| 440 | _aThe Dryden Press series in management. | ||
| 500 | _aRev. ed. of: Management / William F. Glueck. 2nd ed. c1980. | ||
| 504 | _aIncludes bibliographical references. | ||
| 500 | _aIncludes index. | ||
| 650 | 0 | _aManagement. | |
| 700 | 1 | _aGlueck, William F. | |
| 907 |
_a.b1008132x _b06-11-10 _c10-07-03 |
||
| 003 | |||
| 005 | 20230123133328.0 | ||
| 040 | _cNUST | ||
| 942 |
_cBOOKS _kHD31 _mBED |
||
| 999 |
_c146693 _d146693 |
||